In the public domain : presidents and the challenges of public leadership /

Bibliographic Details
Other Authors: Heith, Diane J., Han, Lori Cox
Format: eBook
Language:English
Published: Albany : State University of New York Press, [2005]
Subjects:
Online Access:Connect to the full text of this electronic book

MARC

Tag First Indicator Second Indicator Subfields
LEADER 00000cam a22000004a 4500
001 in00003398685
005 20190405191959.0
006 m d
007 cr |||||||nn|n
008 050405s2005 nyu o d eng d
010 |z  2005009491 
020 |a 9780791482605 
020 |z 0791465756 (hardcover : alk. paper) 
020 |z 9780791465752 
035 |a (MdBmJHUP)muse9780791482605 
040 |a MdBmJHUP  |c MdBmJHUP  |d UtOrBLW 
043 |a n-us--- 
050 0 0 |a JK516  |b .I485 2005 
082 0 0 |a 973.92  |2 22 
245 0 0 |a In the public domain :  |b presidents and the challenges of public leadership /  |c edited by Lori Cox Han and Diane J. Heith. 
264 1 |a Albany :  |b State University of New York Press,  |c [2005] 
264 4 |c ©2005 
300 |a 1 online resource (xii, 293 pages ) 
336 |a text  |b txt  |2 rdacontent 
337 |a computer  |b c  |2 rdamedia 
338 |a online resource  |b cr  |2 rdacarrier 
504 |a Includes bibliographical references and index. 
505 0 |a Introduction: The president and the public revisited / Doris A. Graber -- Celebrity-in-chief : the president as a pop culture icon / Michael A. Genovese -- Party labels in presidential acceptance addresses, 1948-2000 / Sharon E. Jarvis and Emily Balanoff Jones -- What gets covered? : how media coverage of elite debate drives the rally-'round-the-flag phenomenon, 1979-1998 / Matthew A. Baum and Tim Groeling -- The White House public opinion apparatus meets the anti-polling president / Diane J. Heith -- Presidential leverage and the presidential agenda, 1967-1996 / Daniel E. Ponder -- Second term presidents : free birds or lame ducks? / William Cunion -- Presidential ideology and the public mood, 1956-1994 / Jeffrey E. Cohen and John A. Hamman -- The Rose Garden strategy revisited : how presidents use public activities / Lori Cox Han -- Doing diversity across the partisan divide : George H.W. Bush, Bill Clinton, and the American national identity / Mary E. Stuckey -- A president transformed : Bush's pre and post-9/11 rhetoric and image / Jeremy D. Mayer and Mark J. Rozell -- Life after the White House : the public post-presidency and the development of presidential legacies / Lori Cox Han and Matthew J. Krov -- Not going public : George W. Bush and the Presidential Records Act / Nancy Kassop. 
588 |a Description based on print version record. 
500 |a Electronic resource. 
650 0 |a Executive power  |z United States. 
650 0 |a Political planning  |z United States. 
650 0 |a Political leadership  |z United States. 
650 0 |a Presidents  |z United States  |x Public opinion. 
655 7 |a Electronic books.  |2 local 
700 1 |a Heith, Diane J. 
700 1 |a Han, Lori Cox. 
856 4 0 |u http://proxy.library.tamu.edu/login?url=http://muse.jhu.edu/books/9780791482605/  |z Connect to the full text of this electronic book  |t 0 
999 |a MARS 
999 f f |s 2aa11eed-a7d0-3c20-9fff-0ce7c5f158f7  |i dd71ed94-9d9d-3423-a1b8-d0f07d7638d3  |t 0 
952 f f |a Texas A&M University  |b College Station  |c Electronic Resources  |d Available Online  |t 0  |e JK516 .I485 2005  |h Library of Congress classification 
998 f f |a JK516 .I485 2005  |t 0  |l Available Online